000 00461ntaaa2200193 4500
003 01
005 20251027202104.0
008 0714s1973 ag 01
040 _aAR-BaBN
_bspa
_cAR-BaBN
_eaacr
_dRIC
082 _a252.0000 Sm9
100 _aSmyth, Newman
_916245
245 _aThe reality of faith
250 _a1 ed.
260 _aLondon :
_bT. Fisher Unwin,
_cc1885
300 _axiii, 315 p
650 _asermones
_9362
650 _afe
_91848
942 _cBK
999 _c15719
_d15719